000 01171nam a22002657a 4500
999 _c21938
_d21938
003 AR-CdUCM
008 190322b ||||| |||| 00| 0 spa d
020 _a9786124861307
040 _aMUNICIPALIDAD PROVINCIAL DEL CUSCO
_cBIBLIOTECA MUNICIPAL DEL CUSCO
082 _a770.9/R84
_bR84
100 _aRosadzinski, Marcin
_946925
245 _aUn viaje al pasado :
_bde las civilizaciones Tiahuanaco e Inka, mediante antiguas tarjetas postales /
_cMarcin Rosadzinski
260 _aCusco :
_bIncart,
_c2021.
300 _a255 páginas. :
_bilustraciones ;
_c21x30 cm.
500 _aPublicación bilingüe.
505 _aContenido: Comentario en torno a la postal fotográfica en el sur andino peruano y norte boliviano. Andrés Garay. -- Tiahuanaco, predecesora cultural de la civilización Inka y el lago Titicaca. -- La gran civilización Inka y el Valle Sagrado. -- Qosqo, la ciudad capital sagrada de los Inkas.
650 _aFotografías
_946926
650 _aTarjetas postales
_946927
650 _aHistoria del Cusco
_91714
650 _aInkas
_91899
650 _aTiahuanaco
_939399
650 _aCusco Perú
_946922
942 _2ddc
_cLIBROS
945 _ar.a.c